| 000 | 00881nam a22002537a 4500 | ||
|---|---|---|---|
| 999 |
_c6178 _d6178 |
||
| 003 | AR-CdUCM | ||
| 008 | 190313b ||||| |||| 00| 0 spa d | ||
| 020 | _a84-217-4143-8 | ||
| 040 |
_aMUNICIPALIDAD PROVINCIAL DEL CUSCO _cBIBLIOTECA MUNICIPAL DEL CUSCO |
||
| 082 |
_a868.5 / _bH59 |
||
| 100 |
_aHlasko, Marek _917853 |
||
| 245 | _aEl octavo día de la semana / | ||
| 260 |
_aEspaña : _bLuis de Caralt editor, _c1975. |
||
| 300 |
_a315 paginas ; _c18 cm. |
||
| 500 | _aDonación familia Nieto. | ||
| 505 | _aContenido :El octavo día de la semana -- Una muchacha encantadora -- Pasión -- La casa de mi madre -- La ventana ... | ||
| 650 |
_aNovela española _9192 |
||
| 650 |
_aLiteratura española _9362 |
||
| 650 |
_aSiglo xx _916688 |
||
| 700 |
_aSarro, Rafael (traductor) _917854 |
||
| 700 |
_aOrta, Mariano (traductor) _917855 |
||
| 942 |
_2ddc _cLIBROS |
||
| 945 | _arum | ||